LIBRARY & INFORMATION CENTRE, KCAET, TAVANUR

ONLINE PUBLIC ACCESS CATALOGUE (OPAC)

Physics / (Record no. 10085)

MARC details
000 -LEADER
fixed length control field 00573cam a2200229ua 4500
020 ## - INTERNATIONAL STANDARD BOOK NUMBER
ISBN 81-239-0109-7
041 ## - LANGUAGE CODE
Language code of text/sound track or separate title eng
082 ## - DEWEY DECIMAL CLASSIFICATION NUMBER
Classification number 530
Item number PAD/PH
100 ## - MAIN ENTRY--AUTHOR NAME
Personal name Padmanabhan, S.K .
245 ## - TITLE STATEMENT
Title Physics /
250 ## - EDITION STATEMENT
Edition statement 3 /
260 ## - PUBLICATION, DISTRIBUTION, ETC. (IMPRINT)
Place of publication New Delhi :
Name of publisher C B S Publishers & Distributers ,
Year of publication 1990.
300 ## - PHYSICAL DESCRIPTION
Number of Pages 451 ; .
700 1# - ADDED ENTRY--PERSONAL NAME
Personal name Chatterjee, D.N .
700 1# - ADDED ENTRY--PERSONAL NAME
Personal name Jain, S.K .
700 1# - ADDED ENTRY--PERSONAL NAME
Personal name Jindal, B.P.
942 ## - ADDED ENTRY ELEMENTS (KOHA)
Koha item type Books
Holdings
Withdrawn status Lost status Damaged status Home library Current library Date acquired Full call number Accession Number Koha item type
      KAUAET KAUAET 07/04/2012 530 PAD/PH 19218 Books
      KAUAET KAUAET 07/04/2012 530 PAD/PH 19217 Books
free website counter